Statistics for World of videogames alphabetically

Click here to take the quiz!

General Stats

  • This quiz has been taken 103 times
  • The average score is 12 of 26

Answer Stats

LetterDescriptionAnswer% Correct
GKratos becomes oneGod
93%
ZHer Legend involves LinkZelda
87%
FA popular game among teenagers about building and fightingFortnite
86%
YSuper Mario's dinosaurYoshi
86%
KPink and round cute creature from the Nintendo universeKirby
82%
UNathan Drake's adventuresUncharted
67%
CChinese Female fighter from Street FighterChun Li
65%
ELike his father, another Assassin from the Auditore familyEzio
60%
JKing, the Tekken wrestler, wears a mask of this animalJaguar
60%
MDefault game on WindowsMinesweeper
54%
AWong, Resident Evil's CharacterAda
50%
POne of the Pacman's ghostsPinky
48%
QPopular first-person shooter from the 1990'sQuake
45%
HCity where Sleeping Dogs is setHong Kong
37%
RThis platform hero has no limbs!Rayman
37%
DDwayne Johnson starred the movieDoom
35%
BRival Gang in GTA San Andreas and GTA VBallas
31%
NWhat B.J. Blazkowicz fights against, dead or aliveNazis
30%
XSonic's sidekick with two tails, type of animalFox
24%
IIn LFD, Hunter and Smoker are examples of special ______Infected
21%
OIn League of Legends, her nickname is the Lady of ClockworkOrianna
19%
WTom Clancy's Sum of all fears first mission takes place in this US StateWest Virginia
18%
LSyphon Filter's protagonist, his name was Gabriel _____Logan
11%
TCrazy Dave plants this one to create power tiles.Turnip
7%
SAncaria is the world where this game is setSacred
6%
VA witch doctor helping Crash Bandicoot lives inside itVoodoo Mask
4%

Score Distribution

Percentile by Number Answered

Percent of People with Each Score

Your Score History

You have not taken this quiz